000 00452nam a2200145 a 4500
001 000039169
005 20201002031528.0
008 130606s2011 dr 000 0 spa d
020 _a9789876650397
040 _aDO-SdBNP
_bspa
_cBNPHU
100 1 _aGerónimo Mejía , Fredesvinda Julia
_965369
245 1 0 _aCien poemas y un tesoro /
_cFredesvinda Julia Gerónimo Mejía.
260 _aSanto Domingo :
_bArte & Parte,
_c2011.
300 _a224 p. ;
_c22 cm.
999 _c38659
_d38659